Super Smash Bros. Ultimate Charaktere (+DLC) - Statistiken

Allgemein
  • Dieses Quiz wurde 649 mal gespielt
    511 seit der letzten Aktualisierung
  • Das Durchschnittsergebnis liegt bei 53 aus 90
Antwortstatistiken
Nummer Charakter % Korrekt
1 Mario
99%
9 Luigi
97%
13 Peach
94%
14 Bowser
92%
3 Link
91%
2 Donkey Kong
90%
13e Daisy
87%
8 Pikachu
86%
6 Kirby
85%
4 Samus
85%
17 Zelda
84%
30 Wario
80%
60e Ken
78%
33-35 Pokemon Trainer
76%
23 Ganondorf
74%
5 Yoshi
73%
36 Diddy Kong
72%
7 Fox
70%
4e Dunkle Samus
69%
77 Steve
69%
19 Pichu
68%
12 Pummeluff
68%
43 Toon-Link
68%
58 Bowser Jr.
66%
20 Falco
66%
41 Lucario
66%
45 Bewohner
64%
10 Ness
64%
22 Junger Link
63%
39 König Dedede
63%
21 Marth
63%
11 Captain Falcon
62%
16 Shiek
62%
38 Sonic
62%
24 Mewtu
61%
60 Ryu
61%
37 Lucas
60%
28 Pit
60%
48 Rosalina & Luma
60%
25 Roy
60%
69 Fuegro
59%
32 Ike
59%
68 Melinda
59%
26 Mr. Game & Watch
59%
70 Piranha-Pflanze
59%
71 Joker
58%
67 King K. Rool
58%
29 Zero Suit Samus
58%
21e Lucina
57%
61 Cloud
56%
27 Meta-Knight
56%
65 Ridley
56%
63 Bayonetta
55%
18 Dr. Mario
55%
31 Snake
55%
28e Finsterer Pit
54%
82 Sora
53%
44 Wolf
53%
73 Banjo & Kazooie
52%
15 Ice Climbers
52%
54 Palutena
52%
42 R.O.B.
52%
35 Glurak
51%
47 Wii-Fit Trainerin
51%
64 Inkling
49%
76 Min Min
48%
40 Olimar
48%
66e Richter
48%
55 PAC-MAN
47%
59 Duck Hunt
46%
50 Quajutsu
46%
25e Chrom
45%
79 Pyra
45%
66 Simon
45%
46 Mega Man
44%
78 Sephiroth
43%
81 Kazuya
42%
57 Shulk
42%
56 Daraen
41%
75 Byleth
40%
62 Corrin
40%
72 Held
40%
49 Little Mac
40%
33 Schiggy
40%
80 Mythra
39%
74 Terry
39%
34 Bisaknosp
38%
52 Mii Schwertkämpfer
35%
53 Mii Schütze
32%
51 Mii Brawler
31%
Keine übereinstimmenden Quizze gefunden
Verteilung der Resultate
Anzahl Personen mit jedem Resultat
Perzentil nach korrekt beantworteten Fragen
Ihre Resultats-Entwicklung
Sie haben dieses Quiz seit der letzten Aktualisierung nicht gespielt